Största städerna på V i Asien, enligt bild - Statistics

General Stats
  • This quiz has been taken 2 times
  • The average score is 7 of 20
Answer Stats
Picture Hint Answer % Correct
🇱🇦 620 000 Vientiane
100%
🇮🇳 1 820 000 Vadodara (Baroda)
50%
🇹🇷 530 000 Van
50%
🇮🇳 1 430 000 Vārāṇasī (Benares)
50%
🇮🇷 230 000 Varāmin
50%
🇮🇳 1 220 000 Vāsai-Virār
50%
🇭🇰 920 000 Victoria
50%
🇮🇳 1 480 000 Vijayawada
50%
🇻🇳 230 000 Vinh
50%
🇮🇳 1 730 000 {Viśākha}paṭnaṁ
50%
🇻🇳 140 000 {Việt} Trì
50%
🇮🇳 240 000 {Viziana}garam
50%
🇷🇺 600 000 Vladivostok
50%
🇮🇳 170 000 Valsāḍ (Bulsār)
0%
🇮🇳 160 000 Vāpī
0%
🇵🇰 150 000 Vehari
0%
🇮🇳 480 000 Vellore
0%
🇮🇳 190 000 Verāval
0%
🇮🇳 160 000 Vidisha (Bhilsa)
0%
🇻🇳 340 000 Vũng Tàu
0%
No matching quizzes found
Score Distribution
Percent of People with Each Score
Percentile by Number Answered
Your Score History
You have not taken this quiz